Agro-sylvo-pastoralisme : (Record no. 14456)

000 -LEADER
fixed length control field 00480cam a2200169 a 4500
040 ## - CATALOGING SOURCE
Transcribing agency INU
082 ## - DEWEY DECIMAL CLASSIFICATION NUMBER
Classification number 501 INS 1997 A059 Or.
100 1# - MAIN ENTRY--AUTHOR NAME
Personal name Sall, Papa Ndiengou.
245 10 - TITLE STATEMENT
Title Agro-sylvo-pastoralisme :
Remainder of title l'experience du projet RCS-Sahel /
246 30 - VARYING FORM OF TITLE
Title proper/short title Experience du projet RCS-Sahel
260 ## - PUBLICATION, DISTRIBUTION, ETC. (IMPRINT)
Place of publication [Bamako, Mali?] :
Name of publisher Institut du Sahel,
Year of publication c1997.
300 ## - PHYSICAL DESCRIPTION
Number of Pages 196 p. :
Other physical details map ;
Dimensions 21 cm.
650 #0 - SUBJECT ADDED ENTRY--TOPICAL TERM
Topical Term Land reform
650 #0 - SUBJECT ADDED ENTRY--TOPICAL TERM
Topical Term Pastoral systems
650 #0 - SUBJECT ADDED ENTRY--TOPICAL TERM
Topical Term Nomads
942 ## - ADDED ENTRY ELEMENTS (KOHA)
Koha item type សៀវភៅភាសាអង់គ្លេស
952 ## - LOCATION AND ITEM INFORMATION (KOHA)
Withdrawn status [LOCAL, KOHA] 0
Holdings
Permanent Location Date acquired Koha item type Lost status Shelving location Barcode Current Location Full call number
Library Block A2017-10-17សៀវភៅភាសាអង់គ្លេស A059A06666Library Block A501 INS 1997 A059 Or.
មជ្ឈមណ្ឌលឯការនៃសាកលវិទ្យាល័យភូមិន្ទកសិកម្មចំការដូង

Powered by Koha